000 00491cam a22001457a 4500
008 180718b-- xxu||||| |||| 00| 0 eng d
082 _aA81x54 91/2/Pt 5A & 5B/D
100 _aCensus of India 1991
245 _aAndhra Pradesh: migration tables
260 _aDelhi
_bThe Controller of Publications
_c--
300 _a3vols.
440 _aCensus of India 1991. Series-2, Andhra Pradesh. Part II-B
500 _av.3. 1998. Tables: D-17
650 _aAndhra Pradesh - Migration, Internal - Census
999 _c488062
_d488062